| 000 | 00621nam a22002057a 4500 | ||
|---|---|---|---|
| 003 | LK-CoMWRAF | ||
| 005 | 20231218124611.0 | ||
| 008 | 231218b2008 |||||||| |||| 00| 0 eng d | ||
| 020 | _a9789559261551 | ||
| 040 |
_aLK-CoMWRAF _dLK-CoMWRAF _eLK-CoMWRAF |
||
| 041 | _aeng | ||
| 082 |
_a306.36 _bJAY |
||
| 100 | _aJayathilake, Ramanie | ||
| 245 | _aWomen migrant workers & trafficking in Sri Lanka | ||
| 260 |
_aColombo: _bWomen's Education & Research Centre, _c 2008 |
||
| 300 |
_a x, 72 p. ; 24 cm _bBibliography included |
||
| 650 | _aHuman trafficking- Sri Lanka | ||
| 650 | _aProstitution- Sri Lanka | ||
| 942 | _cBK | ||
| 999 |
_c4522 _d4522 |
||